دور الإدارة في إعداد و تنفيذ الموازنة العامة / (رقم التسجيلة. 127505)

تفاصيل مارك
000 -LEADER
fixed length control field 00627nam a22001937a 4500
005 - DATE AND TIME OF LATEST TRANSACTION
control field 20251108175145.0
008 - FIXED-LENGTH DATA ELEMENTS--GENERAL INFORMATION
fixed length control field 250721s2013 xx 000 0 ara d
082 14 - DEWEY DECIMAL CLASSIFICATION NUMBER
Classification number 343.034/داو
100 1# - MAIN ENTRY--PERSONAL NAME
Personal name الداودي، زينب كريم
245 10 - TITLE STATEMENT
Title دور الإدارة في إعداد و تنفيذ الموازنة العامة /
264 1# - PRODUCTION, PUBLICATION, DISTRIBUTION, MANUFACTURE, AND COPYRIGHT NOTICE
Place of production, publication, distribution, manufacture عمان :
Name of producer, publisher, distributor, manufacturer دار صفاء للنشر والتوزيع،
Date of production, publication, distribution, manufacture, or copyright notice 2013.
300 ## - PHYSICAL DESCRIPTION
Extent 429ص.
650 17 - SUBJECT ADDED ENTRY--TOPICAL TERM
Topical term or geographic name as entry element الادارة
650 17 - SUBJECT ADDED ENTRY--TOPICAL TERM
Topical term or geographic name as entry element المالية العامة
650 17 - SUBJECT ADDED ENTRY--TOPICAL TERM
Topical term or geographic name as entry element الميزانية العامة
650 17 - SUBJECT ADDED ENTRY--TOPICAL TERM
Topical term or geographic name as entry element القانون
942 ## - ADDED ENTRY ELEMENTS (KOHA)
Source of classification or shelving scheme Dewey Decimal Classification
Koha item type كتب
المقتنيات
حالة السحب حالة الفقدان مصدر التصنيف حالة التلف غير قابل للإعارة المكتبة الرئيسية المكتبة الحالية موقع الرف تاريخ التزويد الرقم المتسلسل Total Checkouts رقم الإستدعاء الباركود تاريخ آخر ظهور تاريخ الفاتورة نوع المادة (كوها)
    Dewey Decimal Classification     المكتبة المركزية المكتبة المركزية الإعارة 28/07/2025 1553740   343.034/داو PLD00272010 28/07/2025 28/07/2025 كتب
    Dewey Decimal Classification     مكتبة أبو علندا العامة مكتبة أبو علندا العامة الإعارة 10/06/2013 1553747   343.034/داو PLD00272106 28/07/2025 10/06/2013 كتب
    Dewey Decimal Classification     مكتبة أم قصير والمقابلين العامة مكتبة أم قصير والمقابلين العامة الإعارة 10/06/2013 1553746   343.034/داو PLD00272105 28/07/2025 10/06/2013 كتب
    Dewey Decimal Classification     مكتبة الاميرة بديعة مكتبة الاميرة بديعة الإعارة 10/06/2013 1553749   343.034/داو PLD00272108 28/07/2025 10/06/2013 كتب
    Dewey Decimal Classification     مكتبة الجويدة مكتبة الجويدة الإعارة 10/06/2013 1553742   343.034/داو PLD00272101 28/07/2025 10/06/2013 كتب
    Dewey Decimal Classification     مكتبة الحسن العامة مكتبة الحسن العامة الإعارة 10/06/2013 1553744   343.034/داو PLD00272103 28/07/2025 10/06/2013 كتب
    Dewey Decimal Classification     مكتبةمؤتة مكتبةمؤتة الإعارة 10/06/2013 1553743   343.034/داو PLD00272102 28/07/2025 10/06/2013 كتب
Implemented & Customized by: BBB with SCIT (Smart Chains for Information Technology)

Powered by Koha